1921 1003 1586 1072 1893 1554 1653 1002 1266 1196 1534 1771 1136 1761 1873 1745 1532 1196 1704 1210 1882 1548 1643 1536 1501 1717 1992 1277 1489 1802 1475 1155 1294 1125 1620 1595 1099 1035 1693 1651 1303 1228 1855 1423 1544 1705 1770 1025 1211 1061 1487 1333 1799 1328 1940 1686 1345 1538 1419 1543 1185 1982 1108 1018 1158 1152 1737 1231 1855 1027 1537 1037 1627 1081 1536 1008 1873 1675 1997 1301 1775 1800 1939 1046 1589 1588 1786 1008 1200 1458 1715 1456 1457 1569 1826 1609 1323 1110 1439 BCNSPRNW ULIB Ver.6.0+V

เปลี่ยนเป็นภาษาไทย

Change to English
 แสดงรายละเอียดบรรณานุกรม
  กลับหน้าหลัก

Brief Record : Get Marc (ISO 2709) : E-mail record : QR code < ปิดหน้าต่าง
LEADER : 00000nam a2200289Ia 4500
001    13399114553
003     ULIB
008    080513s2007 enk b 001 0 eng d
020    ^a780521689366
060 04 ^aWA21^bP828
245 10 ^aPublic health ethics : Key concepts and issuse in policy and parctice /^cEdited by Angus Dawson
260    ^aCambridge, U.K. :^bCambridge university press,^c2011
300    ^axv, 239 p. ;^c23 cm.
504    ^aIncludes bibliographical references and index
650  0 ^aPublic health^xMoral and ethical aspects
650  2 ^aPublic Health^xethics
945    ^p0^l0^i031642
995    ^aKesorn
999 ^a ใช้งานได้ทุกระบบ
รายการนี้ยังไม่มีแท็ก
คุณยังไม่ได้ล็อกอิน คุณสามารถมีกิจกรรมร่วมกับเว็บไซต์ได้ แต่ต้องล็อกอินก่อน ::
  ล็อกอิน

รายการสื่อสารสนเทศ

ลำดับที่ ประเภท เลขเรียก/บาร์โค้ด สถานที่ สถานะ
- ไม่พบข้อมูล -

BibComment


ยังไม่เคยถูกคอมเมนท์

คอมเมนท์ทรัพยากรรายการนี้
  คอมเมนท์: Public health et..


 Copyright 2026. Bcnsprnw @Library